| 000 | 00404nam a2200145Ia 4500 | ||
|---|---|---|---|
| 008 | 221030s9999 xx 000 0 und d | ||
| 020 | _a9351194767 | ||
| 041 | _aEnglish | ||
| 100 | _aKogent Learning Solutions | ||
| 245 | 0 |
_aDatabase Management Systems Applications _cby Kogent Learning Solutions |
|
| 260 |
_bDreamtech Press _aNew Delhi _c2014 |
||
| 300 | _a268 | ||
| 650 | _aBE Computer | ||
| 942 | _cBK | ||
| 999 |
_c15592 _d15592 |
||